| 000 | 01052nas a2200337 4500 | ||
|---|---|---|---|
| 001 | BR2012009276 | ||
| 003 | BR-BrBNA | ||
| 005 | 20231205121628.0 | ||
| 007 | ta | ||
| 008 | 230509b bl.|||p| |||| 00| 00por d | ||
| 040 |
_aBR-BrBNA _bpor _cBiblioteca Nacional de Agricultura |
||
| 041 | _a(Pt) | ||
| 072 | _aL73; L50 | ||
| 100 | 1 | _aCarvalho, A.F. | |
| 100 | 1 | _aMiyashiro, S. | |
| 100 | 1 | _aNassar, A.F.C. | |
| 100 | 1 | _aNoda, A. | |
| 100 | 1 | _aGabriel, D.T. | |
| 100 | 1 | _aBaldassi, L. | |
| 245 | 1 | _aCaracterização molecular e fenotípica de estirpes de Escherichia coli produtoras de shiga-toxina (STEC)não-0157 de fezes e carcaças bovinas | |
| 650 | _aBOVINO | ||
| 650 | _aESCHERICHIA COLI | ||
| 650 | _aBACTERIA | ||
| 650 | _aTOXINA | ||
| 650 | _aCARCAÇA | ||
| 650 | _aFEZES | ||
| 650 | _aBIOQUÍMICA ANIMAL | ||
| 773 | 0 |
_tArquivo Brasileiro de Medicina Veterinária e Zootecnia (Brazil) _xISSN 0102-0935 _g(Aug 2012), v. 64(4) p. 881-886 _wBR2012009276 |
|
| 909 |
_a202311 _bLúcia _c55 _dLúcia Elande |
||
| 942 |
_2AGRIS _n0 _cANA |
||
| 999 |
_c224457 _d224457 |
||